000 00322nam a2200133Ia 4500
008 240624s9999 xx 000 0 und d
041 _aeng
082 _a658.401 PRI
100 _aPRITCHETT PRICE
245 _aDEEP STRENGTHS
260 _aNew Delhi
_bTata McGraw-Hill
300 _a129 : p. : cm. ; 22
365 _cRS
_b33
999 _c26349
_d26349